Lectures on Hilbert cube manifolds
Saved in:
| Main Author: | |
|---|---|
| Corporate Author: | |
| Format: | Book |
| Language: | English |
| Published: |
Providence :
Published for the Conference Board of the Mathematical Sciences by the American Mathematical Society,
c1976
|
| Series: | Regional conference series in mathematics ;
; 28 |
| Subjects: | |
| Tags: |
Add Tag
No Tags, Be the first to tag this record!
|
MARC
| LEADER | 00000cam a2200000 i 4500 | ||
|---|---|---|---|
| 001 | 1/47049 | ||
| 008 | 941103s1976 eng d | ||
| 020 | |a 0821816780 | ||
| 035 | |l 10042958 | ||
| 035 | |a 1993 | ||
| 040 | |a GR-MY-UA |b gre |e aacr | ||
| 041 | 0 | |a eng | |
| 082 | 0 | |a 514.7 | |
| 100 | 1 | |a Chapman, T. A. |q (Thomas A.), |d 1940- | |
| 245 | 1 | 0 | |a Lectures on Hilbert cube manifolds / |c by T. A. Chapman |
| 246 | 3 | 3 | |a Hilbert cube manifolds |
| 260 | |a Providence : |b Published for the Conference Board of the Mathematical Sciences by the American Mathematical Society, |c c1976 | ||
| 300 | |a x, 131 p.; |b ill.; |c 26 cm | ||
| 490 | 1 | |a Regional conference series in mathematics |v ; 28 | |
| 500 | |a "Expository lectures from the CBMS regional conference held at Guilford College, October 11-15, 1975." | ||
| 504 | |a Bibliography: p. 108-110 | ||
| 650 | 0 | 0 | |a Manifolds (Mathematics) |
| 710 | 2 | |a Conference Board of the Mathematical Sciences. | |
| 830 | 0 | |a Regional conference series in mathematics ; |v ; 28 | |
| 852 | |a INST |b SAMOS |e 19941103 |h 514.7 CHA |p 005300007443 |q 005300007443 |t BK |y 0 | ||
| 909 | |a Σ |b 033602 | ||